000
00302nam a22001217a 4500
020
_a
0-13-383950-8
082
_a
621.381958 BYW'H
100
_a
BYWATER, R.E.H
_9
65884
245
_a
HARDWARE SOFTWARE DESIGN OF DIGITAL SYSTEMS
260
_a
LONDON
_b
PRENTICE HALL
_c
1981
300
_a
477P
942
_c
BK
999
_c
573966
_d
573966